[Event "BL 1415 SG Turm Trier - OSG Baden Baden"]
[Site "?"]
[Date "2014.11.09"]
[Round "4.7"]
[White "Gustafsson, Jan"]
[Black "Kolbus, Dietmar"]
[Result "1-0"]
[WhiteElo "2636"]
[BlackElo "2316"]
[PlyCount "87"]
[EventDate "2014.??.??"]

1. d4 d5 2. c4 c6 3. Nc3 Nf6 4. e3 e6 5. Nf3 Nbd7 6. Bd3 Bd6 7. e4 dxe4 8. Nxe4
Nxe4 9. Bxe4 Nf6 10. Bc2 Bb4+ 11. Bd2 Bxd2+ 12. Qxd2 b6 13. O-O Bb7 14. Qf4 Qe7
15. Rfe1 Rd8 16. Rad1 Qb4 17. Qc7 Qe7 18. Qg3 Kf8 19. Ne5 Nd7 20. Nxd7+ Qxd7
21. Qa3+ Kg8 22. Qxa7 Qc7 23. Qa3 Ra8 24. Qb3 g6 25. a3 h5 26. h4 Kg7 27. Qc3
Kh6 28. Re5 Rhd8 29. c5 bxc5 30. Rxc5 Qd6 31. a4 Rd7 32. a5 Rad8 33. Be4 Qe7
34. g3 Qf6 35. Bxc6 Bxc6 36. Rxc6 Rxd4 37. Kg2 Kg7 38. Rxd4 Rxd4 39. a6 Qd8 40.
a7 e5 41. Rc8 Qd5+ 42. Qf3 e4 43. Qe3 Ra4 44. Qc3+ 1-0

[Event "BL 1415 SG Turm Trier - OSG Baden Baden"]
[Site "?"]
[Date "2014.11.09"]
[Round "4.8"]
[White "Yankelevich, Lev"]
[Black "Schlosser, Philipp"]
[Result "1/2-1/2"]
[WhiteElo "2362"]
[BlackElo "2570"]
[PlyCount "60"]
[EventDate "2014.??.??"]

1. e4 c5 2. Nf3 e6 3. d4 cxd4 4. Nxd4 a6 5. Be2 Nf6 6. Nc3 d6 7. O-O Be7 8. f4
O-O 9. Be3 Qc7 10. Bf3 Nc6 11. a4 Rd8 12. Kh1 Ne5 13. Ndb5 axb5 14. Nxb5 Qc6
15. fxe5 dxe5 16. Qe2 b6 17. Qf2 Bc5 18. Bxc5 Qxc5 19. Rfd1 Rxd1+ 20. Rxd1 Bd7
21. Qxc5 bxc5 22. b3 Bc6 23. Nc3 Kf8 24. Kg1 g5 25. g3 Ke7 26. Kf2 h5 27. Ra1
Ng4+ 28. Kg1 f5 29. Re1 Rd8 30. Bxg4 fxg4 1/2-1/2

[Event "BL 1415 Schwäbisch Hall - OSG Baden Ba"]
[Site "?"]
[Date "2014.12.06"]
[Round "5.6"]
[White "Avrukh, Boris"]
[Black "Nisipeanu, Liviu-Dieter"]
[Result "1-0"]
[WhiteElo "2593"]
[BlackElo "2652"]
[PlyCount "117"]
[EventDate "2014.??.??"]

1. d4 d5 2. c4 e6 3. Nf3 Nf6 4. g3 Bb4+ 5. Bd2 Be7 6. Bg2 O-O 7. O-O c6 8. Qc2
Nbd7 9. Bf4 b6 10. Rd1 Bb7 11. Ne5 Nh5 12. Bc1 Nhf6 13. cxd5 cxd5 14. Nc6 Bxc6
15. Qxc6 Rc8 16. Qb5 Ne8 17. Qd3 Nd6 18. Nc3 Nf6 19. b3 Qd7 20. Bd2 Rc6 21. e3
h5 22. f3 Nf5 23. Ne2 Rd8 24. h3 Bf8 25. Be1 Ne7 26. a4 Rcc8 27. a5 bxa5 28.
Bxa5 Re8 29. e4 Nc6 30. e5 Nxa5 31. Rxa5 Qc7 32. Rda1 Nd7 33. Rxa7 Qc2 34. Qxc2
Rxc2 35. Kf1 Nb8 36. f4 Nc6 37. Rb7 g6 38. g4 hxg4 39. hxg4 Nb4 40. f5 gxf5 41.
gxf5 Rb2 42. Bf3 Nc2 43. Bh5 Nxa1 44. Bxf7+ Kh8 45. Bxe8 exf5 46. e6 Nxb3 47.
e7 Bxe7 48. Rxe7 f4 49. Bh5 Rd2 50. Ke1 f3 51. Bxf3 Rd3 52. Bxd5 Nxd4 53. Nf4
Rg3 54. Be4 Rg7 55. Re8+ Rg8 56. Re5 Rg4 57. Nh5 Nb5 58. Nf6 Rf4 59. Re8+ 1-0

[Event "BL 1415 Schwäbisch Hall - OSG Baden Ba"]
[Site "?"]
[Date "2014.12.06"]
[Round "5.7"]
[White "Movsesian, Sergei"]
[Black "Cornette, Matthieu"]
[Result "1/2-1/2"]
[WhiteElo "2659"]
[BlackElo "2566"]
[PlyCount "55"]
[EventDate "2014.??.??"]

1. e4 c5 2. Nf3 Nc6 3. Nc3 g6 4. d4 cxd4 5. Nxd4 Bg7 6. Nde2 d6 7. h3 Nf6 8. g4
Rb8 9. a4 a6 10. Bg2 b5 11. axb5 axb5 12. O-O b4 13. Nd5 e6 14. Ne3 O-O 15. g5
Nh5 16. Nc4 e5 17. Nxd6 Be6 18. Qd3 Qd7 19. Nc4 Qxd3 20. cxd3 Rfd8 21. Ra6 Nd4
22. Nxd4 Rxd4 23. Na5 Bd7 24. Rd1 Bb5 25. Ra7 Nf4 26. Be3 Rxd3 27. Rxd3 Nxd3
28. b3 1/2-1/2

[Event "BL 1415 Schwäbisch Hall - OSG Baden Ba"]
[Site "?"]
[Date "2014.12.06"]
[Round "5.8"]
[White "Wirig, Anthony"]
[Black "Meier, Georg"]
[Result "1/2-1/2"]
[WhiteElo "2484"]
[BlackElo "2647"]
[PlyCount "78"]
[EventDate "2014.??.??"]

1. d4 Nf6 2. c4 e6 3. Nc3 Bb4 4. Qc2 d6 5. Nf3 Nbd7 6. g3 b6 7. Bg2 Bb7 8. O-O
O-O 9. Rd1 a5 10. Bg5 h6 11. Bxf6 Nxf6 12. Na4 Be4 13. Qb3 d5 14. Ne5 dxc4 15.
Qxc4 Bd5 16. Qc2 Bxg2 17. Kxg2 Qd5+ 18. f3 Rfc8 19. a3 Bf8 20. e4 Qb5 21. Nc3
Qe8 22. Qa4 c6 23. Rd2 b5 24. Qd1 c5 25. dxc5 Bxc5 26. Qe2 Rab8 27. Nd1 Bb6 28.
Nf2 Rc5 29. Nfd3 Rcc8 30. Nf2 a4 31. Rad1 b4 32. axb4 Bxf2 33. Qxf2 Rxb4 34.
Qa7 Rcb8 35. Rd8 Rxd8 36. Rxd8 Qxd8 37. Qxf7+ Kh7 38. Qg6+ Kg8 39. Qf7+ Kh7
1/2-1/2

[Event "BL 1415 Bayern München - SC Eppingen"]
[Site "?"]
[Date "2014.12.06"]
[Round "5.2"]
[White "Schenk, Andreas"]
[Black "Bogner, Sebastian"]
[Result "1/2-1/2"]
[WhiteElo "2496"]
[BlackElo "2598"]
[PlyCount "41"]
[EventDate "2014.??.??"]

1. c4 e5 2. Nc3 Nf6 3. Nf3 Nc6 4. d4 exd4 5. Nxd4 Bb4 6. Bg5 h6 7. Bh4 Bxc3+ 8.
bxc3 Ne5 9. f4 Ng6 10. Bxf6 Qxf6 11. g3 O-O 12. Qd2 d6 13. Bg2 c6 14. Rb1 Re8
15. O-O Nf8 16. e4 Qe7 17. Qb2 Qc7 18. Rfe1 b6 19. Rbd1 Be6 20. Qe2 Rad8 21. h3
1/2-1/2

[Event "BL 1415 Bayern München - SC Eppingen"]
[Site "?"]
[Date "2014.12.06"]
[Round "5.3"]
[White "Balogh, Csaba"]
[Black "Belezky, Alexander"]
[Result "1/2-1/2"]
[WhiteElo "2658"]
[BlackElo "2446"]
[PlyCount "98"]
[EventDate "2014.??.??"]

1. e4 c5 2. Nf3 d6 3. d4 Nf6 4. Nc3 cxd4 5. Nxd4 g6 6. Be3 Bg7 7. f3 a6 8. Qd2
h5 9. O-O-O b5 10. Nd5 Bb7 11. Nxf6+ Bxf6 12. Bg5 Bxg5 13. Qxg5 e5 14. Qxd8+
Kxd8 15. Nb3 Ke7 16. Na5 Ra7 17. b4 Nc6 18. Nxb7 Rxb7 19. c3 Rc8 20. Kb2 Nb8
21. Bd3 Nd7 22. a4 Nb6 23. axb5 Na4+ 24. Kb3 Rxc3+ 25. Kxa4 axb5+ 26. Bxb5 Ra7+
27. Ba6 Rxa6+ 28. Kb5 Ra2 29. Rc1 Rxc1 30. Rxc1 Rxg2 31. Kc6 Rxh2 32. b5 Rf2
33. Rc3 Rb2 34. b6 Kf6 35. Rd3 Kg5 36. Rxd6 h4 37. Rd7 f6 38. Rg7 Kf4 39. Rxg6
Kxf3 40. Rxf6+ Kxe4 41. b7 Ke3 42. Kc7 Rxb7+ 43. Kxb7 e4 44. Kc6 Kd3 45. Rh6 e3
46. Rxh4 e2 47. Rh3+ Kd2 48. Rh2 Kd1 49. Rxe2 Kxe2 1/2-1/2

[Event "BL 1415 Bayern München - SC Eppingen"]
[Site "?"]
[Date "2014.12.06"]
[Round "5.4"]
[White "Fedorovsky, Michael"]
[Black "Postny, Evgeny"]
[Result "1/2-1/2"]
[WhiteElo "2437"]
[BlackElo "2654"]
[PlyCount "55"]
[EventDate "2014.??.??"]

1. d4 Nf6 2. c4 e6 3. Nc3 Bb4 4. Qc2 O-O 5. Nf3 c5 6. dxc5 Na6 7. g3 Nxc5 8.
Bg2 d6 9. O-O Bd7 10. a3 Bxc3 11. Qxc3 Rc8 12. b4 Nce4 13. Qd3 Qc7 14. Ng5 Nxg5
15. Bxg5 Qxc4 16. Qxd6 Bc6 17. Rac1 Qxe2 18. Bxc6 Rxc6 19. Rxc6 bxc6 20. Bxf6
gxf6 21. Qd4 Qf3 22. Qxa7 Rd8 23. a4 Rd1 24. Qa6 h5 25. h4 Rd4 26. Qb6 e5 27.
a5 Rxh4 28. gxh4 1/2-1/2

[Event "BL 1415 Bayern München - SC Eppingen"]
[Site "?"]
[Date "2014.12.06"]
[Round "5.5"]
[White "Braun, Arik"]
[Black "Jorczik, Julian"]
[Result "1-0"]
[WhiteElo "2549"]
[BlackElo "2409"]
[PlyCount "107"]
[EventDate "2014.??.??"]

1. Nf3 Nf6 2. g3 b5 3. Bg2 Bb7 4. O-O e6 5. d3 Be7 6. e4 d6 7. a4 b4 8. Nbd2 c5
9. e5 dxe5 10. Nxe5 Bd5 11. Ndc4 O-O 12. b3 Qc7 13. Bb2 Nc6 14. Re1 Nxe5 15.
Bxe5 Qb7 16. Bxd5 Qxd5 17. Bb2 Qh5 18. Qxh5 Nxh5 19. f4 g6 20. Kg2 Bf6 21. Be5
Bg7 22. Kf3 Nf6 23. g4 Nd7 24. Bxg7 Kxg7 25. f5 exf5 26. gxf5 Rae8 27. Nd6 Rd8
28. Re7 Nb8 29. Ne4 Nc6 30. f6+ Kg8 31. Ke3 Rfe8 32. Rc7 Nd4 33. Rxc5 Nf5+ 34.
Kf4 Rc8 35. Rc4 Rxc4 36. bxc4 Nd4 37. Ra2 Ne2+ 38. Kf3 Nc3 39. Nxc3 bxc3 40.
Ra3 Re6 41. c5 Kf8 42. Rxc3 Rxf6+ 43. Ke4 Ke7 44. d4 Rf2 45. c6 Kd8 46. d5 Re2+
47. Kd4 Rd2+ 48. Ke5 Kc7 49. Rb3 Re2+ 50. Kf6 Kd6 51. Rc3 Rf2+ 52. Kg7 Kc7 53.
d6+ Kc8 54. Re3 1-0

[Event "BL 1415 Bayern München - SC Eppingen"]
[Site "?"]
[Date "2014.12.06"]
[Round "5.6"]
[White "Reich, Thomas"]
[Black "Mons, Leon"]
[Result "1-0"]
[WhiteElo "2415"]
[BlackElo "2435"]
[PlyCount "97"]
[EventDate "2014.??.??"]

1. d4 d5 2. Bf4 Nf6 3. e3 e6 4. Nf3 c5 5. c3 Nc6 6. Nbd2 Bd6 7. Bg3 O-O 8. Bd3
Qe7 9. Ne5 Nd7 10. Nxd7 Bxd7 11. Bxd6 Qxd6 12. dxc5 Qxc5 13. Bxh7+ Kxh7 14.
Qh5+ Kg8 15. Ne4 Qb6 16. Ng5 Rfe8 17. Qxf7+ Kh8 18. Qxd7 Re7 19. Qd6 Qxb2 20.
O-O Qxc3 21. Rac1 Qf6 22. f4 Ree8 23. Qa3 Rad8 24. Qd3 g6 25. e4 Kg8 26. Kh1
Re7 27. Rce1 Kg7 28. e5 Qf5 29. Qd1 Rh8 30. g4 Qf8 31. Kg2 Kg8 32. Qd3 Qg7 33.
Rf3 Kf8 34. Qa3 Kg8 35. Qd6 Re8 36. Nxe6 Qe7 37. Qxe7 Rxe7 38. Ng5 Kg7 39. Rd1
Rd8 40. Rfd3 d4 41. Rh3 Rd5 42. a3 Rc5 43. Rdd3 b5 44. Rh7+ Kf8 45. Rh8+ Kg7
46. Rdh3 Rc2+ 47. Kf1 Rc1+ 48. Ke2 Nxe5 49. Kd2 1-0

[Event "BL 1415 Bayern München - SC Eppingen"]
[Site "?"]
[Date "2014.12.06"]
[Round "5.7"]
[White "Medvegy, Zoltan"]
[Black "Zajogin, Alexander"]
[Result "1-0"]
[WhiteElo "2518"]
[BlackElo "2393"]
[PlyCount "75"]
[EventDate "2014.??.??"]

1. c4 Nf6 2. Nf3 e6 3. g3 d5 4. Bg2 Nbd7 5. O-O dxc4 6. Qa4 a6 7. Qxc4 b5 8.
Qc2 Bb7 9. Nc3 c5 10. a4 Qb6 11. d3 Nd5 12. Qb3 Nb4 13. Be3 bxa4 14. Nxa4 Qb5
15. Nc3 Qb6 16. Rfc1 Be7 17. Na4 Qb5 18. Qc4 Bd5 19. Qxb5 axb5 20. Nc3 Rxa1 21.
Rxa1 Bc6 22. Nd2 Nc2 23. Ra7 Bxg2 24. Kxg2 Nxe3+ 25. fxe3 b4 26. Na4 f5 27.
Ra8+ Bd8 28. Nb3 Ke7 29. Nbxc5 Nxc5 30. Nxc5 Re8 31. Rb8 Kf7 32. Rxb4 Be7 33.
Rb7 e5 34. b4 Kg8 35. Kf3 Bd6 36. e4 f4 37. gxf4 exf4 38. d4 1-0

[Event "BL 1415 Bayern München - SC Eppingen"]
[Site "?"]
[Date "2014.12.06"]
[Round "5.8"]
[White "Zwanzger, Johannes"]
[Black "Mann, Christian  Dr"]
[Result "1/2-1/2"]
[WhiteElo "2308"]
[BlackElo "2434"]
[PlyCount "81"]
[EventDate "2014.??.??"]

1. e4 e6 2. d4 d5 3. Nd2 Nf6 4. e5 Nfd7 5. f4 c5 6. c3 Nc6 7. Ndf3 a5 8. Bd3
cxd4 9. cxd4 Nb6 10. Ne2 Bd7 11. O-O h5 12. Ng5 g6 13. a3 a4 14. Qe1 Ne7 15.
Bd2 Qb8 16. Bb4 Bc6 17. Nc3 Nc4 18. Bxc4 dxc4 19. Nge4 Bxe4 20. Qxe4 Nf5 21. g3
Bxb4 22. axb4 O-O 23. d5 exd5 24. Nxd5 Qa7+ 25. Kh1 Qd4 26. Qxd4 Nxd4 27. Nb6
Ra6 28. Nxc4 Rc8 29. Ne3 b5 30. Rad1 Nf5 31. Nxf5 gxf5 32. Rf2 Rc4 33. Rd8+ Kg7
34. Rfd2 Rxb4 35. Rb8 Rc6 36. Rdd8 f6 37. Rb7+ Kg6 38. Rg8+ Kh6 39. Rh8+ Kg6
40. Rg8+ Kh6 41. Rh8+ 1/2-1/2

[Event "BL 1415 USV TU Dresden - SV Mülheim No"]
[Site "?"]
[Date "2014.12.06"]
[Round "5.2"]
[White "Gajewski, Grzegorz"]
[Black "Fridman, Daniel"]
[Result "1/2-1/2"]
[WhiteElo "2643"]
[BlackElo "2639"]
[PlyCount "115"]
[EventDate "2014.??.??"]

1. d4 Nf6 2. c4 e6 3. Nc3 Bb4 4. e3 c5 5. Nge2 cxd4 6. exd4 O-O 7. a3 Be7 8.
Nf4 d5 9. cxd5 Nxd5 10. Ncxd5 exd5 11. Bd3 Nc6 12. Be3 Bf6 13. O-O g6 14. Rc1
Qd6 15. Rc5 Be6 16. Nxe6 fxe6 17. Qa4 Nxd4 18. Bxd4 Qf4 19. Qd7 Bxd4 20. Qxe6+
Kh8 21. Rc2 Rad8 22. g3 Qf3 23. Rd2 Rde8 24. Qh3 Re1 25. Qg2 Qxg2+ 26. Kxg2
Rxf1 27. Bxf1 Bf6 28. h4 Kg7 29. Be2 Rf7 30. Bf3 d4 31. Be4 Rc7 32. Rd1 d3 33.
b3 Rd7 34. Bxd3 Be7 35. a4 Bb4 36. Kf1 h6 37. f3 g5 38. hxg5 hxg5 39. Ke2 Rd6
40. Rc1 Rc6 41. Bc4 a6 42. Rd1 Rd6 43. Bd5 Bc5 44. f4 gxf4 45. gxf4 Kf6 46. Kf3
Rd7 47. Rd2 b6 48. Rd1 Bb4 49. Rd4 Bc5 50. Rd2 Bb4 51. Rd1 Bc5 52. Ke4 Re7+ 53.
Kd3 Kf5 54. Rf1 Rd7 55. Kc4 Be3 56. Bc6 Rd4+ 57. Kc3 Rxf4 58. Rxf4+ 1/2-1/2

[Event "BL 1415 USV TU Dresden - SV Mülheim No"]
[Site "?"]
[Date "2014.12.06"]
[Round "5.3"]
[White "Berelowitsch, Alexander"]
[Black "Bartel, Mateusz"]
[Result "0-1"]
[WhiteElo "2541"]
[BlackElo "2662"]
[PlyCount "120"]
[EventDate "2014.??.??"]

1. e4 e5 2. Nf3 Nc6 3. Bb5 a6 4. Ba4 Nf6 5. O-O Be7 6. Re1 b5 7. Bb3 d6 8. c3
O-O 9. h3 Na5 10. Bc2 c5 11. d4 Nd7 12. Kh1 Rb8 13. d5 Nc4 14. b3 Ncb6 15. a4
bxa4 16. bxa4 a5 17. Na3 Ba6 18. Be3 Rb7 19. Rb1 Qc8 20. Nd2 c4 21. Qe2 Nc5 22.
Qg4 Ncxa4 23. Qxc8 Rxc8 24. Bxa4 Nxa4 25. Rxb7 Bxb7 26. Naxc4 Ra8 27. Rb1 Ba6
28. Rb3 f5 29. exf5 Rc8 30. Ra3 Bxc4 31. Rxa4 Bxd5 32. Rxa5 Bc6 33. Ra7 Kf8 34.
c4 h5 35. Kh2 h4 36. f3 Ke8 37. g4 hxg3+ 38. Kxg3 Bd7 39. h4 Bxf5 40. Bg5 Bf8
41. Rb7 Be6 42. f4 d5 43. Rb6 exf4+ 44. Kxf4 Kd7 45. cxd5 Bxd5 46. Kf5 Bc5 47.
Rg6 Bd4 48. Ra6 Rf8+ 49. Kg6 Bf7+ 50. Kh7 Be6 51. Ra5 Bf5+ 52. Rxf5 Rxf5 53.
Kg6 Ke6 54. Ne4 Rf3 55. Bd8 Rf4 56. Ng5+ Kd7 57. Nh3 Rf3 58. Ng5 Ra3 59. Kf7
Ra1 60. Kg6 Ra6+ 0-1

[Event "BL 1415 USV TU Dresden - SV Mülheim No"]
[Site "?"]
[Date "2014.12.06"]
[Round "5.4"]
[White "Socko, Bartosz"]
[Black "Hausrath, Daniel"]
[Result "1-0"]
[WhiteElo "2614"]
[BlackElo "2518"]
[PlyCount "103"]
[EventDate "2014.??.??"]

1. e4 c5 2. Nf3 g6 3. c3 Bg7 4. d4 cxd4 5. cxd4 d5 6. e5 Nh6 7. h3 O-O 8. Nc3
Nc6 9. Be2 f6 10. exf6 exf6 11. O-O Nf5 12. Bf4 Be6 13. Nb5 Rc8 14. g4 Nfe7 15.
Nd6 Rc7 16. Qb3 Qd7 17. Rfe1 h5 18. gxh5 Bxh3 19. hxg6 Qg4+ 20. Bg3 Qxg6 21.
Nh4 Qh7 22. Bf3 Nxd4 23. Bxd5+ Kh8 24. Qd1 f5 25. Nf7+ Rxf7 26. Bxf7 Bg4 27.
Ng6+ Qxg6 28. Bxg6 Bxd1 29. Bxc7 Nf3+ 30. Kh1 Nxe1 31. Rxd1 Nxg6 32. Rxe1 Bxb2
33. Re8+ Kg7 34. Rb8 Bd4 35. Rxb7 Kf6 36. Kg2 Ne5 37. Rb4 Bc5 38. Bxe5+ Kxe5
39. Rb5 Kd6 40. Kf3 Kc6 41. Rxc5+ Kxc5 42. Kf4 Kb4 43. Kxf5 Ka3 44. f4 Kxa2 45.
Ke4 a5 46. f5 a4 47. f6 a3 48. f7 Kb2 49. f8=Q a2 50. Qb4+ Ka1 51. Qc3+ Kb1 52.
Kd3 1-0

[Event "BL 1415 USV TU Dresden - SV Mülheim No"]
[Site "?"]
[Date "2014.12.06"]
[Round "5.5"]
[White "Levin, Felix"]
[Black "Maiwald, Jens-Uwe"]
[Result "1-0"]
[WhiteElo "2505"]
[BlackElo "2473"]
[PlyCount "71"]
[EventDate "2014.??.??"]

1. d4 d6 2. Nf3 g6 3. c4 Bg7 4. e4 Nf6 5. Nc3 O-O 6. h3 e5 7. d5 a5 8. g4 Na6
9. Be3 c6 10. Be2 Bd7 11. Nd2 Ne8 12. h4 Nc5 13. g5 f5 14. h5 Nd3+ 15. Bxd3 f4
16. Bb6 Qxb6 17. h6 Qxb2 18. Na4 Qa3 19. hxg7 Rf7 20. Qb3 Qxb3 21. axb3 c5 22.
Nb6 Ra6 23. Nxd7 Rxd7 24. Be2 Rxg7 25. Bg4 b6 26. Be6+ Kh8 27. Ke2 Raa7 28. Rh6
Nc7 29. Rah1 Nxe6 30. dxe6 Rae7 31. Nb1 Rxe6 32. Nc3 Ree7 33. Nd5 Rb7 34. Nf6
Rbe7 35. Kd3 Rb7 36. Kc3 1-0

[Event "BL 1415 USV TU Dresden - SV Mülheim No"]
[Site "?"]
[Date "2014.12.06"]
[Round "5.6"]
[White "Boensch, Uwe"]
[Black "Feygin, Michael"]
[Result "1/2-1/2"]
[WhiteElo "2543"]
[BlackElo "2492"]
[PlyCount "120"]
[EventDate "2014.??.??"]

1. d4 e6 2. c4 Nf6 3. Nf3 c5 4. e3 d5 5. Bd3 cxd4 6. exd4 Bb4+ 7. Nc3 dxc4 8.
Bxc4 O-O 9. O-O b6 10. Qd3 Bb7 11. Rd1 Nbd7 12. Bd2 Bxc3 13. Bxc3 Qc7 14. Ne5
Bd5 15. Bb5 Rfd8 16. Qe2 Nf8 17. Bb4 Rac8 18. f3 Ng6 19. Qe3 Bb7 20. Rac1 Qb8
21. Rxc8 Rxc8 22. Nxg6 hxg6 23. Qe5 Qc7 24. Bd3 Qd7 25. Bb5 Bc6 26. Ba6 Rd8 27.
Be1 Bd5 28. b3 Qc6 29. Qe2 Nh5 30. Bd2 Qd6 31. Rc1 Nf4 32. Qe5 Qxe5 33. dxe5
Bb7 34. Bxf4 Bxa6 35. Rc7 Rd1+ 36. Kf2 Ra1 37. Rxa7 Rxa2+ 38. Kg3 Ra5 39. Bd2
Rd5 40. Rxa6 Rxd2 41. Rxb6 g5 42. Rb4 Rb2 43. Kh3 Kh7 44. g4 Kg6 45. Kg3 f5 46.
exf6 gxf6 47. Rb6 e5 48. h4 gxh4+ 49. Kxh4 Rh2+ 50. Kg3 Rc2 51. b4 Rb2 52. Rb8
Rb3 53. Kf2 Kg5 54. Ke2 Kf4 55. Rf8 Kg5 56. Rg8+ Kf4 57. Rg6 Rb2+ 58. Kd3 Kxf3
59. Rxf6+ Kxg4 60. Ke4 Rxb4+ 1/2-1/2

[Event "BL 1415 USV TU Dresden - SV Mülheim No"]
[Site "?"]
[Date "2014.12.06"]
[Round "5.7"]
[White "Saltaev, Mihail"]
[Black "Tischbierek, Raj"]
[Result "1/2-1/2"]
[WhiteElo "2480"]
[BlackElo "2414"]
[PlyCount "78"]
[EventDate "2014.??.??"]

1. e4 c5 2. Nf3 e6 3. d4 cxd4 4. Nxd4 Nf6 5. Nc3 d6 6. h3 Nc6 7. g4 d5 8. exd5
Nxd5 9. Nde2 Bb4 10. Bg2 O-O 11. O-O Bxc3 12. bxc3 Qc7 13. c4 Nde7 14. Bb2 Na5
15. Qd4 f6 16. Ba3 Re8 17. c5 Bd7 18. Rfd1 Rad8 19. Qe4 Ng6 20. Rd6 Bc6 21. Qd4
Bxg2 22. Kxg2 Rxd6 23. Qxd6 Qf7 24. Rd1 Nc4 25. Qg3 e5 26. Kg1 e4 27. Bc1 e3
28. fxe3 Nce5 29. e4 Kh8 30. Qb3 Qc7 31. Qd5 Nf3+ 32. Kf2 Qh2+ 33. Kxf3 Ne5+
34. Ke3 Qxh3+ 35. Kd2 Nf3+ 36. Kc3 Ng1+ 37. Kd2 Nf3+ 38. Kc3 Ng1+ 39. Kd2 Nf3+
1/2-1/2

[Event "BL 1415 USV TU Dresden - SV Mülheim No"]
[Site "?"]
[Date "2014.12.06"]
[Round "5.8"]
[White "Seifert, Volker"]
[Black "Dinstuhl, Volkmar"]
[Result "1/2-1/2"]
[WhiteElo "2342"]
[BlackElo "2416"]
[PlyCount "161"]
[EventDate "2014.??.??"]

1. d4 Nf6 2. c4 e6 3. Nc3 Bb4 4. Qc2 d5 5. a3 Bxc3+ 6. Qxc3 Ne4 7. Qc2 c5 8.
dxc5 Nc6 9. Nf3 Qa5+ 10. Bd2 Nxd2 11. Qxd2 dxc4 12. Qxa5 Nxa5 13. Rc1 b5 14.
cxb6 axb6 15. Nd4 Bd7 16. Rc3 O-O 17. e3 Rfc8 18. Be2 e5 19. Nc2 Bc6 20. O-O b5
21. Nb4 Bb7 22. Rd1 Nb3 23. Nd5 Bxd5 24. Rxd5 Rc5 25. Rd7 Kf8 26. Bf3 Rac8 27.
Bd5 R8c7 28. Rxc7 Rxc7 29. g3 Nc5 30. b3 Nxb3 31. Be4 g6 32. Bc2 Ra7 33. Bxb3
Rxa3 34. Bxc4 Rxc3 35. Bxb5 f5 36. h4 Ke7 37. Kg2 Rc2 38. Ba4 Rb2 39. Bc6 Kd6
40. Be8 Rb8 41. Bf7 Ke7 42. Bd5 Rb2 43. Bg8 h6 44. Bd5 Kf6 45. Bc4 e4 46. Kf1
g5 47. hxg5+ hxg5 48. Bd5 Rb4 49. Bc6 Rb6 50. Bd5 Ke5 51. Bc4 Rb1+ 52. Kg2 Rb2
53. Kf1 f4 54. gxf4+ gxf4 55. exf4+ Kxf4 56. Be2 e3 57. fxe3+ Kxe3 58. Bh5 Rh2
59. Bg4 Rf2+ 60. Kg1 Rf6 61. Kg2 Rg6 62. Kh3 Kf4 63. Bd1 Rg3+ 64. Kh2 Rd3 65.
Bh5 Rd5 66. Be8 Rd2+ 67. Kh3 Rd8 68. Bc6 Rg8 69. Bd5 Rg5 70. Bc6 Rg6 71. Bb7
Rg7 72. Bc6 Rg3+ 73. Kh2 Kg4 74. Bd5 Re3 75. Kg2 Re2+ 76. Kf1 Rb2 77. Bc6 Kf4
78. Bd5 Ke3 79. Bc6 Rc2 80. Bd5 Rf2+ 81. Kg1 1/2-1/2

[Event "BL 1415 Schachfr. Berlin - SG Solingen"]
[Site "?"]
[Date "2014.12.06"]
[Round "5.1"]
[White "Ragger, Markus"]
[Black "Mista, Aleksander"]
[Result "1/2-1/2"]
[WhiteElo "2658"]
[BlackElo "2616"]
[PlyCount "128"]
[EventDate "2014.??.??"]

1. e4 e5 2. Nf3 Nc6 3. Bb5 a6 4. Ba4 Nf6 5. O-O Be7 6. d3 b5 7. Bb3 d6 8. a3
O-O 9. Nc3 Na5 10. Ba2 Be6 11. Bxe6 fxe6 12. b4 Nc6 13. Bd2 Nd4 14. Nxd4 exd4
15. Ne2 c5 16. a4 Qd7 17. Qb1 Kh8 18. Qa2 Rac8 19. axb5 axb5 20. Rfb1 d5 21.
exd5 Nxd5 22. bxc5 Bxc5 23. Ng3 Nc3 24. Bxc3 dxc3 25. Rf1 b4 26. Ne4 Be7 27.
Rfb1 Qd5 28. Kf1 Ra8 29. Qc4 h6 30. Qc7 Qd8 31. Ra7 Qxc7 32. Rxc7 Rfe8 33. Ke2
Ra2 34. Kd1 Bf8 35. Nc5 Ra5 36. Nb3 Rg5 37. g3 Rh5 38. h4 g5 39. Rc4 Be7 40.
Ke2 gxh4 41. gxh4 Rxh4 42. Rc6 Rf4 43. Rxe6 Rxf2+ 44. Kxf2 Bh4+ 45. Kf3 Rxe6
46. Nc5 Rb6 47. Na4 Rb8 48. Nxc3 Rf8+ 49. Kg4 bxc3 50. Kxh4 Rf2 51. Rc1 Kg7 52.
Kg3 Rd2 53. Kf3 h5 54. Ke3 h4 55. Kd4 h3 56. Kxc3 Rg2 57. Rh1 h2 58. d4 Kf6 59.
Kd3 Ke6 60. c4 Kd6 61. Ke3 Kc6 62. Kf3 Rc2 63. Kg3 Rxc4 64. Rxh2 Rxd4 1/2-1/2

[Event "BL 1415 Schachfr. Berlin - SG Solingen"]
[Site "?"]
[Date "2014.12.06"]
[Round "5.2"]
[White "Kraemer, Martin"]
[Black "Jussupow, Artur"]
[Result "1-0"]
[WhiteElo "2569"]
[BlackElo "2581"]
[PlyCount "117"]
[EventDate "2014.??.??"]

1. d4 Nf6 2. c4 e6 3. Nc3 d5 4. cxd5 exd5 5. Bg5 Be7 6. e3 Nbd7 7. Bd3 O-O 8.
Nge2 Re8 9. O-O c6 10. f3 Nf8 11. Qc2 Be6 12. Rad1 Ng6 13. h3 Nh5 14. Bxe7 Qxe7
15. Qd2 f5 16. e4 dxe4 17. fxe4 fxe4 18. Bxe4 Rad8 19. Bxg6 hxg6 20. Nf4 Nxf4
21. Rxf4 Bf5 22. Rff1 Qh4 23. Rf4 Qe7 24. Rff1 Qh4 25. Qf2 Qxf2+ 26. Kxf2 Be6
27. Rfe1 Rf8+ 28. Kg3 Bd5 29. Re7 Rf7 30. Rde1 Kf8 31. Nxd5 cxd5 32. Rxf7+ Kxf7
33. Re5 Rd6 34. h4 a5 35. b3 a4 36. bxa4 Ra6 37. Rxd5 Rxa4 38. Rd7+ Kf6 39. Kf4
Rxa2 40. g4 Rf2+ 41. Kg3 Rd2 42. Rd6+ Kf7 43. Kf4 Kg8 44. Rd8+ Kh7 45. d5 Rd4+
46. Ke5 Rxg4 47. d6 Rg1 48. Rf8 Re1+ 49. Kd5 Rd1+ 50. Ke6 Re1+ 51. Kf7 Rf1+ 52.
Ke7 Re1+ 53. Kd8 g5 54. hxg5 Kg6 55. d7 Kxg5 56. Kc7 Rc1+ 57. Kd6 Rd1+ 58. Ke6
Kg4 59. d8=Q 1-0

[Event "BL 1415 Schachfr. Berlin - SG Solingen"]
[Site "?"]
[Date "2014.12.06"]
[Round "5.3"]
[White "Nikolic, Predrag"]
[Black "Piorun, Kacper"]
[Result "1/2-1/2"]
[WhiteElo "2604"]
[BlackElo "2523"]
[PlyCount "107"]
[EventDate "2014.??.??"]

1. d4 f5 2. g3 Nf6 3. Bg2 d6 4. Nf3 g6 5. O-O Bg7 6. c4 O-O 7. Nc3 c6 8. d5 e5
9. dxe6 Bxe6 10. Bf4 Bxc4 11. Bxd6 Re8 12. Ba3 Qa5 13. Nd2 Be6 14. e4 Na6 15.
exf5 gxf5 16. Nb3 Qb6 17. Na4 Qc7 18. Nd4 Bc4 19. Nxf5 Rad8 20. Qc2 Bxf1 21.
Bxf1 Bf8 22. Bxa6 bxa6 23. Bxf8 Kxf8 24. Nc5 Qe5 25. Ne3 a5 26. Rc1 Ne4 27.
Nxe4 Qxe4 28. Qc5+ Kg8 29. Qg5+ Qg6 30. Qxg6+ hxg6 31. Rxc6 Kf7 32. Ra6 Rd2 33.
Rxa7+ Re7 34. Rxa5 Rxb2 35. h4 Re4 36. Ra7+ Kf8 37. a3 Ra2 38. Kf1 Re7 39. Ra4
Kg7 40. Ng4 Kf7 41. Kg2 Re6 42. Kf3 Rc2 43. Ra5 Kg7 44. a4 Rcc6 45. Rg5 Rc3+
46. Kg2 Ra3 47. f4 Ra6 48. f5 Kh7 49. f6 R3xa4 50. h5 gxh5 51. Rxh5+ Kg6 52.
Rh4 Rxg4 53. Rxg4+ Kxf6 54. Rb4 1/2-1/2

[Event "BL 1415 Schachfr. Berlin - SG Solingen"]
[Site "?"]
[Date "2014.12.06"]
[Round "5.4"]
[White "Michalik, Peter"]
[Black "Naumann, Alexander"]
[Result "1-0"]
[WhiteElo "2571"]
[BlackElo "2549"]
[PlyCount "73"]
[EventDate "2014.??.??"]

1. d4 d5 2. c4 c6 3. Nf3 Nf6 4. e3 Bf5 5. Nc3 a6 6. Bd3 Bg6 7. O-O e6 8. Re1
Be7 9. e4 dxe4 10. Nxe4 Nbd7 11. Nxf6+ Nxf6 12. Bxg6 hxg6 13. h3 O-O 14. Bf4
Bd6 15. Ne5 Qc7 16. Qf3 Rad8 17. c5 Bxe5 18. Bxe5 Qd7 19. Bd6 Rfe8 20. h4 Nd5
21. h5 gxh5 22. Qxh5 f6 23. Re4 Qf7 24. Qh3 f5 25. Rh4 Qg6 26. Rd1 Nf6 27. Rd3
Ng4 28. Rb3 b5 29. cxb6 Rxd6 30. Rh8+ Kf7 31. Rxe8 f4 32. g3 Qb1+ 33. Kg2 Ne3+
34. Rxe3 fxe3 35. Qh5+ g6 36. Qh8 Qe4+ 37. Kh2 1-0

[Event "BL 1415 Schachfr. Berlin - SG Solingen"]
[Site "?"]
[Date "2014.12.06"]
[Round "5.5"]
[White "Handke, Florian"]
[Black "Schneider, Ilja"]
[Result "1/2-1/2"]
[WhiteElo "2541"]
[BlackElo "2487"]
[PlyCount "61"]
[EventDate "2014.??.??"]

1. d4 d5 2. Nf3 Nf6 3. c4 c6 4. Nc3 a6 5. Qc2 dxc4 6. e4 b5 7. Be2 g6 8. O-O
Bg7 9. a4 O-O 10. axb5 cxb5 11. e5 Bf5 12. Qd1 Nd5 13. Nxb5 Nd7 14. Nc3 N7b6
15. Bd2 e6 16. Na4 Nxa4 17. Rxa4 Nb6 18. Ba5 Rb8 19. Rb4 Re8 20. Bxc4 Bf8 21.
Rxb6 Rxb6 22. d5 exd5 23. Bxd5 Be6 24. Bxb6 Qxd5 25. Qa4 Rb8 26. Be3 Rxb2 27.
Qxa6 Bg4 28. Qf6 Bxf3 29. Qxf3 Qxe5 30. Rd1 Qb8 31. h4 1/2-1/2